• 首页
  • 本馆介绍
  • 公告通知
  • 最新文献
  • 馆藏检索
  • 电子资源
  • 读者导购
  • 参考咨询
  • 我的图书馆
  • 登录
  • 详细信息显示
  • 放入我的书架
  • 预约/预借图书
  • 作者相关作品
  • 分类相关作品
  • 丛书相关作品
  • 出版社相关作品

书目信息

  • 表格格式
  • 工作单格式
  • 卡片格式
题名:
布凯里尼降B大调大提琴协奏曲
    
 
作者: 布凯里尼 曲
分册:   钢琴谱(附大提琴分谱)
出版信息: 台北   光华出版社  
页数: 21页
开本: 32cm
丛书名:
单 册:
中图分类: J657.23
科图分类:
主题词: 外国音乐--作品 , 音乐--各国--作品
电子资源:
ISBN:
000 00684nam0 2200217 450
001 0538364200
005 20070919152311.65
010    @dCNY0.60
100    @a20051108d km y0chiy0120 ea
101 0  @achi
102    @aCN@b710000
200 1  @a布凯里尼降B大调大提琴协奏曲@Abu kai li ni jiang B da tiao da ti qin xie zou qu@i钢琴谱(附大提琴分谱)@f布凯里尼曲@Fbu kai li ni qu
210    @a台北@c光华出版社
215 1  @a21页@d32cm
517 1  @a钢琴谱(附大提琴分谱)@Agang qin pu(fu da ti qin fen pu)
606 0  @a外国音乐@x作品
606 0  @a音乐@y各国@x作品
690    @aJ657.23@v4
701  0 @a布凯里尼@Abu kai li ni@4曲
801  0 @aCN@bPFT@c20070919
905    @a10447@dJ657.23@e124
    
    布凯里尼降B大调大提琴协奏曲.钢琴谱(附大提琴分谱)/布凯里尼曲.-台北:光华出版社
    21页;32cm
    
    
    ISBN :CNY0.60
    
●
相关链接 在E读中查询图书 在五车中查询图书 在当当中查询图书 在豆瓣中查询图书


正题名:布凯里尼降B大调大提琴协奏曲     索取号:J657.23/124         预约/预借

序号 登录号 条形码 馆藏地/架位号 状态 备注
1 0209332   202141397   密集书库/ [索取号:J657.23/124] 在馆    
2 0209336   202141422   密集书库/ [索取号:J657.23/124] 在馆    
唐山师范学院图书馆 欢迎您!
大连网信软件有限公司© 版权所有